[Event "FIDE World Blitz 2013"]
[Site "Khanty-Mansiysk RUS"]
[Date "2013.06.09"]
[Round "6.26"]
[White "Salem, A.R. Saleh"]
[Black "Skatchkov, Pavel"]
[Result "1-0"]
[WhiteTitle "GM"]
[BlackTitle "GM"]
[WhiteElo "2531"]
[BlackElo "2486"]
[WhiteFideId "9301348"]
[BlackFideId "4121848"]
[EventDate "2013.06.09"]

1. d4 d5 2. c4 c6 3. Nc3 Nf6 4. Nf3 dxc4 5. a4 Bf5 6. Nh4 e6 7. Nxf5 exf5 8. e3
Nbd7 9. Bxc4 Bd6 10. O-O O-O 11. f3 Nb6 12. Bb3 c5 13. a5 cxd4 14. exd4 Nbd7 15.
Kh1 Nh5 16. f4 Qh4 17. Qf3 Ndf6 18. g3 Qh3 19. Bd2 Rfe8 20. Rae1 Rxe1 21. Rxe1
Bb4 22. Bc2 Bxa5 23. Kg1 Bb6 24. Be3 Ng4 25. Qg2 Qxg2+ 26. Kxg2 Re8 27. Nd5 Bxd4
28. Bd2 Rxe1 29. Bxe1 Bxb2 30. Bxf5 Nhf6 31. Nxf6+ Nxf6 32. Bc8 b6 33. Kf3 Bd4
34. Bb7 a5 35. Bc6 h5 36. h3 Kf8 37. g4 hxg4+ 38. hxg4 Ke7 39. g5 Nd7 40. Ke4
Bc5 41. Bc3 f6 42. Kf5 fxg5 43. fxg5 Be3 44. Bxg7 Bxg5 45. Kxg5 Kd6 46. Bf3 Nc5
47. Kf5 b5 48. Bf8+ 1-0

[Event "FIDE World Blitz 2013"]
[Site "Khanty-Mansiysk RUS"]
[Date "2013.06.09"]
[Round "6.28"]
[White "Ghaem Maghami, Ehsan"]
[Black "Sibriaev, Aleksandr"]
[Result "1/2-1/2"]
[WhiteTitle "GM"]
[BlackTitle "FM"]
[WhiteElo "2554"]
[BlackElo "2239"]
[WhiteFideId "12500739"]
[BlackFideId "4116070"]
[EventDate "2013.06.09"]

1. e4 c5 2. Nf3 Nc6 3. Bb5 Na5 4. O-O a6 5. Be2 b5 6. Re1 Bb7 7. Bf1 e6 8. c3 d6
9. d4 Nf6 10. Bg5 Be7 11. Nbd2 O-O 12. Bd3 h6 13. Bf4 cxd4 14. cxd4 Rc8 15. Qe2
Nc4 16. Nf1 Nh5 17. Bc1 Qc7 18. Ng3 Nxg3 19. hxg3 e5 20. b3 Nb6 21. Be3 Nd7 22.
d5 Qb8 23. g4 Rfe8 24. b4 Nf8 25. a4 bxa4 26. Rxa4 Ng6 27. g3 Rc3 28. Bxa6 Bxa6
29. Qxa6 Rb3 30. Ba7 Qc8 31. Qxc8 Rxc8 32. Nd2 Rb2 33. Be3 Bg5 34. Bxg5 hxg5 35.
Nf3 Rb8 36. Nxg5 R2xb4 37. Rxb4 Rxb4 38. Kg2 Nf8 39. Rc1 f6 40. Ne6 Nxe6 41.
dxe6 Kf8 42. f3 Ke7 43. Rc7+ Kxe6 44. Rxg7 Rb2+ 45. Kh3 Rf2 46. g5 fxg5 47. Kg4
d5 48. exd5+ Kxd5 49. Rxg5 Ke6 50. Rg6+ Kf7 51. Ra6 Rf1 52. Ra7+ Kf6 53. Ra6+
Kf7 54. Ra3 Kf6 55. Re3 Rb1 56. Re4 Rb8 57. Ra4 Rg8+ 58. Kh3 Rh8+ 59. Kg2 Rb8
60. Ra2 Rc8 61. Kf2 Rb8 62. Ra3 Kf5 63. Ke3 Rb1 64. g4+ Kg5 65. Ra5 Kf6 66. Ra6+
Kf7 67. Ke4 Re1+ 68. Kd3 Ke7 69. Kd2 Rf1 70. Ke2 Rb1 71. Kf2 Rb3 72. Rc6 Kd7 73.
Ra6 Ke7 74. Kg2 Kf7 75. g5 Ke7 76. g6 Kf8 77. Ra7 Rb6 78. g7+ Kg8 79. Kf2 Rg6
80. Ke3 Rxg7 81. Ra5 Re7 82. Ke4 Kf7 83. Kf5 e4 84. fxe4 Rb7 85. e5 Rb6 86. Ra7+
Kf8 87. Rd7 Ra6 88. Rh7 Kg8 89. Re7 Kf8 90. Rd7 Ke8 91. Rc7 Kf8 92. Rb7 Ke8 93.
Rg7 Kf8 94. Rh7 Kg8 95. Rd7 Kf8 96. Rc7 Ke8 97. Rc4 Ke7 98. Rh4 Kf7 99. Rh7+ Kg8
100. Rb7 Kf8 101. Rd7 Ke8 102. Rg7 Kf8 103. Rb7 Ke8 104. Ke4 Kd8 105. Kd5 Ke8
106. Rc7 Kd8 107. Rg7 Ke8 108. Rb7 Kd8 109. Ke4 Ke8 110. Kf5 Kf8 111. Rb5 Ke8
112. e6 Ra1 113. Ke5 Re1+ 114. Kd6 Rd1+ 115. Rd5 Rxd5+ 116. Kxd5 Ke7 117. Ke5
Ke8 118. Kf5 Ke7 119. Ke5 Ke8 120. Kd6 Kd8 121. Kc6 Ke7 122. Kd5 Ke8 123. Kd6
Kd8 124. Ke5 Ke7 125. Kf5 Ke8 126. Kf6 Kf8 127. Ke5 Ke7 128. Kf5 Ke8 129. Kf6
Kf8 130. e7+ Ke8 131. Ke6 1/2-1/2

[Event "FIDE World Blitz 2013"]
[Site "Khanty-Mansiysk RUS"]
[Date "2013.06.09"]
[Round "6.29"]
[White "Cherniaev, Alexander"]
[Black "Ram, S. Krishnan"]
[Result "1-0"]
[WhiteTitle "GM"]
[WhiteElo "2447"]
[BlackElo "2248"]
[WhiteFideId "4117301"]
[BlackFideId "5010519"]
[EventDate "2013.06.09"]

1. e4 Nc6 2. Nf3 d5 3. exd5 Qxd5 4. Nc3 Qa5 5. Bc4 Bg4 6. h3 Bh5 7. Bb5 O-O-O 8.
Bxc6 bxc6 9. Qe2 Nf6 10. Qe5 Qa6 11. d3 Bxf3 12. gxf3 e6 13. Be3 Bd6 14. Qd4 c5
15. Qa4 Qb7 16. Ke2 Nd5 17. Rab1 Rhe8 18. Rhg1 Be5 19. Ne4 Bd4 20. c3 Bxe3 21.
fxe3 Qb6 22. Qc4 g6 23. a4 f5 24. Nxc5 f4 25. e4 Ne3 26. Qa6+ Kb8 27. b4 Rd6 28.
Qxb6+ axb6 29. Nb3 e5 30. d4 Rc6 31. Rgc1 g5 32. d5 Rh6 33. Rh1 Rg6 34. Nd2 h5
35. Rhg1 Reg8 36. Nf1 Nc4 37. Kd3 Nd6 38. Nh2 Nf7 39. Rg2 Kb7 40. c4 1-0

[Event "FIDE World Blitz 2013"]
[Site "Khanty-Mansiysk RUS"]
[Date "2013.06.09"]
[Round "6.30"]
[White "Akbaev, Kazbek"]
[Black "Byambaa, Zulzaga"]
[Result "0-1"]
[WhiteTitle "IM"]
[BlackTitle "FM"]
[WhiteElo "2475"]
[BlackElo "2285"]
[WhiteFideId "4131045"]
[BlackFideId "4900642"]
[EventDate "2013.06.09"]

1. f4 g6 2. Nf3 Bg7 3. d4 Nf6 4. e3 O-O 5. Bd3 c5 6. c3 b6 7. O-O Bb7 8. Qe2 Ne4
9. Nbd2 f5 10. a4 d5 11. a5 c4 12. Bc2 b5 13. Ne5 Nd7 14. g4 Nxe5 15. fxe5 e6
16. Nxe4 fxe4 17. Bd2 Rxf1+ 18. Qxf1 Qh4 19. Qg2 Rf8 20. Be1 Qd8 21. h4 h6 22.
Bd1 Bc6 23. Be2 Rf7 24. Bg3 Bf8 25. Qh3 Bd7 26. a6 Be7 27. Kg2 Kh7 28. Kg1 Qb6
29. Rf1 Rxf1+ 30. Qxf1 Kg7 31. Qa1 b4 32. Be1 b3 33. Bg3 0-1

[Event "FIDE World Blitz 2013"]
[Site "Khanty-Mansiysk RUS"]
[Date "2013.06.09"]
[Round "7.5"]
[White "Nepomniachtchi, Ian"]
[Black "Khismatullin, Denis"]
[Result "1-0"]
[WhiteTitle "GM"]
[BlackTitle "GM"]
[WhiteElo "2717"]
[BlackElo "2658"]
[WhiteFideId "4168119"]
[BlackFideId "4142578"]
[EventDate "2013.06.09"]

1. e4 c5 2. Nf3 d6 3. d4 Nf6 4. Bb5+ Bd7 5. Bxd7+ Qxd7 6. e5 dxe5 7. dxe5 Qxd1+
8. Kxd1 Ng4 9. Ke2 Nc6 10. Bf4 g5 11. Bxg5 Bg7 12. Nbd2 Ngxe5 13. c3 b6 14. a4
Ng6 15. Be3 O-O 16. g4 Rad8 17. h4 h6 18. h5 Nge5 19. Nxe5 Nxe5 20. Rhg1 f5 21.
gxf5 Kh7 22. a5 Rxf5 23. axb6 axb6 24. Ra6 Rd6 25. Rh1 Re6 26. Rh4 Bf6 27. Re4
Rc6 28. b4 cxb4 29. cxb4 Rxh5 30. Rxb6 Rxb6 31. Bxb6 Kg6 32. Be3 Nd7 33. Nf3 Rb5
34. Rg4+ Kf7 1-0

[Event "FIDE World Blitz 2013"]
[Site "Khanty-Mansiysk RUS"]
[Date "2013.06.09"]
[Round "7.6"]
[White "Cheparinov, Ivan"]
[Black "Vitiugov, Nikita"]
[Result "1-0"]
[WhiteTitle "GM"]
[BlackTitle "GM"]
[WhiteElo "2678"]
[BlackElo "2734"]
[WhiteFideId "2905540"]
[BlackFideId "4152956"]
[EventDate "2013.06.09"]

1. d4 Nf6 2. c4 e6 3. Nf3 Bb4+ 4. Nbd2 O-O 5. a3 Be7 6. e4 d6 7. Bd3 Nbd7 8. O-O
e5 9. d5 a5 10. b3 Nh5 11. Bc2 g6 12. Bb2 Ng7 13. b4 f5 14. c5 Nf6 15. exf5 gxf5
16. Nc4 Qe8 17. cxd6 cxd6 18. bxa5 Bd7 19. Re1 Qh5 20. Nd4 Ng4 21. h3 Qh4 22.
hxg4 fxg4 23. g3 Qf6 24. Qd2 exd4 25. Bxd4 Qg5 26. Qxg5 Bxg5 27. Nxd6 Rxa5 28.
Nxb7 Rb5 29. Nd6 Rbb8 30. Ne4 Bd8 31. Rab1 Ra8 32. Bc5 Re8 33. Nd6 Rxe1+ 34.
Rxe1 Ra5 35. Bb4 Ra6 36. Nc4 Bb5 37. Ne5 h5 38. Bb3 Bf6 39. Bc2 Ra8 40. Bg6 Be8
41. Nf7 1-0

[Event "FIDE World Blitz 2013"]
[Site "Khanty-Mansiysk RUS"]
[Date "2013.06.09"]
[Round "7.8"]
[White "Sargissian, Gabriel"]
[Black "Vasquez Schroeder, Rodrigo"]
[Result "1-0"]
[WhiteTitle "GM"]
[BlackTitle "GM"]
[WhiteElo "2671"]
[BlackElo "2542"]
[WhiteFideId "13300881"]
[BlackFideId "3400042"]
[EventDate "2013.06.09"]

1. d4 d5 2. c4 c6 3. cxd5 cxd5 4. Bf4 Nc6 5. e3 Nf6 6. Nc3 a6 7. Bd3 Bg4 8. Nge2
e6 9. O-O Be7 10. Rc1 O-O 11. Na4 Nd7 12. a3 Rc8 13. b4 b5 14. Nc5 Nb6 15. Nxa6
Nc4 16. f3 Bh5 17. Nc5 Nxa3 18. Bxh7+ Kxh7 19. Qd3+ Bg6 20. Qxa3 Ra8 21. Qb2 Re8
22. Nc3 Qb6 23. Ra1 Red8 24. Bg3 Bf6 25. f4 Kg8 26. Nd7 Qb7 27. Nxf6+ gxf6 28.
Bh4 Kg7 29. f5 exf5 30. Ne2 Ne7 31. Nf4 Nc8 32. Rxa8 Qxa8 33. Ra1 Qb7 34. Qa3
Qe7 35. Bf2 Nd6 36. Nxd5 Qe4 37. Nf4 Nc4 38. Qd3 Qc6 39. Qc3 Rh8 40. d5 Qd6 41.
h3 Re8 42. Ra7 Re5 43. Rb7 Rxd5 44. Nxd5 Qxd5 45. Ra7 f4 46. exf4 Be4 47. Qd4
Qf5 48. Qd7 Qg6 49. Qg4 Nd6 50. Qxg6+ Kxg6 51. g4 Bc2 52. f5+ Kg7 53. Bd4 Ne4
54. Kh2 Bd3 55. Ra6 Be2 56. Rb6 Bd3 57. h4 Nd2 58. Bxf6+ Kh7 59. Rb8 1-0

[Event "FIDE World Blitz 2013"]
[Site "Khanty-Mansiysk RUS"]
[Date "2013.06.09"]
[Round "7.9"]
[White "Rakhmanov, Aleksandr"]
[Black "Movsesian, Sergei"]
[Result "1/2-1/2"]
[WhiteTitle "GM"]
[BlackTitle "GM"]
[WhiteElo "2602"]
[BlackElo "2699"]
[WhiteFideId "4173708"]
[BlackFideId "310204"]
[EventDate "2013.06.09"]

1. d4 d5 2. c4 c6 3. cxd5 cxd5 4. Nc3 Nf6 5. Bf4 e6 6. e3 Bd6 7. Bg3 O-O 8. Bd3
a6 9. Nf3 Nc6 10. Ne5 Bxe5 11. dxe5 Nd7 12. f4 f6 13. exf6 Nxf6 14. O-O Bd7 15.
Kh1 Qb6 16. Qd2 Nb4 17. Bb1 Rae8 18. Bh4 Ng4 19. Re1 Rf7 20. a3 Nc6 21. Bd3 Na5
22. Rad1 Nb3 23. Qe2 Nf6 24. Bf2 Qc7 25. Bg3 Qb6 26. Bc2 Nc5 27. Bh4 Nfe4 28.
Nxe4 Nxe4 29. Bxe4 dxe4 30. Rd4 Bb5 31. Qd2 Bd3 32. Bg3 h6 33. Rc1 Qb5 34. h3
Qf5 35. Kh2 Kh7 36. Qb4 Qh5 37. Qd2 Qg6 1/2-1/2

[Event "FIDE World Blitz 2013"]
[Site "Khanty-Mansiysk RUS"]
[Date "2013.06.09"]
[Round "7.10"]
[White "Mamedov, Rauf"]
[Black "Rublevsky, Sergei"]
[Result "1/2-1/2"]
[WhiteTitle "GM"]
[BlackTitle "GM"]
[WhiteElo "2637"]
[BlackElo "2695"]
[WhiteFideId "13401653"]
[BlackFideId "4115309"]
[EventDate "2013.06.09"]

1. g3 d5 2. Bg2 Nf6 3. d3 e5 4. Nd2 c6 5. e4 Bd6 6. Ngf3 O-O 7. O-O Bg4 8. h3
Bh5 9. b3 Nbd7 10. Bb2 Re8 11. Re1 Qc7 12. a4 dxe4 13. dxe4 Bf8 14. Qe2 Nc5 15.
Qe3 Nfd7 16. Nc4 f6 17. Rad1 b5 18. axb5 cxb5 19. Ncd2 Ne6 20. Rc1 a5 21. Qe2
Qb6 22. c4 b4 23. Red1 Ndc5 24. Qe3 Red8 25. Nf1 Rxd1 26. Rxd1 a4 27. bxa4 Nxa4
28. Ra1 Qb7 29. Bc1 Nc3 30. Rxa8 Qxa8 31. Bd2 Bc5 32. Qd3 Bxf3 33. Bxf3 Bd4 34.
c5 Nxc5 35. Qc4+ Kh8 36. Qxb4 Nd3 37. Qc4 Nb2 38. Qb3 Nba4 39. Ne3 Nc5 40. Qc4
N3xe4 41. Bb4 Qg8 42. Qc2 f5 43. Nxf5 Bxf2+ 44. Kg2 g6 45. Bxe4 gxf5 46. Bxc5
Qxg3+ 47. Kf1 Qg1+ 48. Ke2 Qe1+ 49. Kf3 fxe4+ 50. Qxe4 Qxe4+ 51. Kxe4 Bxc5 52.
Kxe5 1/2-1/2

[Event "FIDE World Blitz 2013"]
[Site "Khanty-Mansiysk RUS"]
[Date "2013.06.09"]
[Round "7.11"]
[White "Khairullin, Ildar"]
[Black "Georgiev, Kiril"]
[Result "1/2-1/2"]
[WhiteTitle "GM"]
[BlackTitle "GM"]
[WhiteElo "2658"]
[BlackElo "2636"]
[WhiteFideId "4151348"]
[BlackFideId "2900017"]
[EventDate "2013.06.09"]

1. e4 e5 2. Nf3 Nc6 3. d4 exd4 4. Nxd4 Nf6 5. Nxc6 bxc6 6. e5 Qe7 7. Qe2 Nd5 8.
c4 Nb6 9. Nc3 Bb7 10. Bd2 O-O-O 11. O-O-O f6 12. exf6 Qxf6 13. h4 Qf7 14. Rh3
Re8 15. Rf3 Qg6 16. Qd3 Qxd3 17. Bxd3 c5 18. Rg3 g6 19. Bf4 d6 20. Kc2 Bg7 21.
h5 Rhf8 22. Be3 Be5 23. Rg5 Bf4 24. Bxf4 Rxf4 25. f3 gxh5 26. b3 h4 27. Bxh7 h3
28. Bf5+ Rxf5 29. Rxf5 hxg2 30. Rg1 Rg8 31. Ne4 Nd7 32. Ng5 Ne5 33. f4 Nf3 34.
Nxf3 Be4+ 35. Kd2 Bxf5 36. Ng5 Rh8 37. Rxg2 Rh1 38. Rf2 Ra1 39. Kc3 a5 40. Nf3
Rc1+ 41. Kd2 Ra1 42. Kc3 Rd1 43. Nh4 Be6 44. f5 Bf7 45. f6 Re1 46. Nf5 Kd7 47.
Nh6 Ke6 48. Nxf7 Kxf7 49. Rh2 Kxf6 50. Rh6+ Ke7 51. Rh7+ Kd8 52. a4 Kc8 53. Rg7
Kb7 54. Rh7 Re3+ 55. Kc2 Kb6 56. Rg7 Re2+ 57. Kc3 Rh2 58. Rd7 Rh6 59. Rg7 Rf6
60. Rd7 Kb7 61. Rg7 Rf8 62. Rh7 Rd8 63. Rg7 Kb6 64. Rh7 c6 65. Rh6 Kc7 66. Rh7+
Rd7 67. Rh8 Re7 68. Ra8 Kb7 69. Rd8 Re6 70. Rd7+ Kb6 71. Kc2 Rh6 72. Kc3 Rg6 73.
Kc2 Re6 74. Kc3 Re3+ 75. Kc2 Re2+ 76. Kc3 Re6 77. Kc2 Ka6 78. Kc3 Rf6 79. Kc2 1/2-1/2

[Event "FIDE World Blitz 2013"]
[Site "Khanty-Mansiysk RUS"]
[Date "2013.06.09"]
[Round "7.13"]
[White "Zvjaginsev, Vadim"]
[Black "Popov, Ivan RUS"]
[Result "1-0"]
[WhiteTitle "GM"]
[BlackTitle "GM"]
[WhiteElo "2659"]
[BlackElo "2632"]
[WhiteFideId "4113403"]
[BlackFideId "4170350"]
[EventDate "2013.06.09"]

1. e4 c6 2. c4 d5 3. exd5 cxd5 4. cxd5 Nf6 5. Nc3 Nxd5 6. Nf3 Nc6 7. Bb5 Nc7 8.
Bxc6+ bxc6 9. O-O Bg4 10. h3 Bxf3 11. Qxf3 Nd5 12. b3 g6 13. Nxd5 Qxd5 14. Qc3
f6 15. Ba3 e5 16. Bxf8 Rxf8 17. f4 e4 18. Rac1 Kd7 19. Qe3 Qd3 20. Qxd3+ exd3
21. Rf3 Kc7 22. Rxd3 Rad8 23. Rcc3 Rfe8 24. Kf2 Rxd3 25. Rxd3 Re4 26. Kf3 Re1
27. Re3 Ra1 28. Re7+ Kb6 29. Rxh7 Rxa2 30. Rh6 Rxd2 31. Rxg6 Rd3+ 32. Kg4 Rxb3
33. Rxf6 a5 34. Rf8 a4 35. Ra8 Kb5 36. h4 Rd3 37. h5 Rd1 38. f5 c5 39. f6 Rf1
40. Kg5 c4 41. h6 c3 42. h7 c2 43. Rb8+ Ka5 44. Rc8 Rh1 45. Kg6 a3 46. Rxc2 1-0

[Event "FIDE World Blitz 2013"]
[Site "Khanty-Mansiysk RUS"]
[Date "2013.06.09"]
[Round "7.19"]
[White "Najer, Evgeniy"]
[Black "Gundavaa, Bayarsaikhan"]
[Result "1-0"]
[WhiteTitle "GM"]
[BlackTitle "GM"]
[WhiteElo "2633"]
[BlackElo "2516"]
[WhiteFideId "4118987"]
[BlackFideId "4901045"]
[EventDate "2013.06.09"]

1. e4 c5 2. Nf3 d6 3. d4 cxd4 4. Nxd4 Nf6 5. Nc3 a6 6. Be3 e5 7. Nf3 Be7 8. Bc4
O-O 9. O-O Qc7 10. Bb3 Be6 11. Nh4 Nbd7 12. Nf5 Bxf5 13. exf5 Nb6 14. g4 Nc4 15.
Bc1 h6 16. h4 b5 17. g5 hxg5 18. hxg5 Nh7 19. Qg4 Qc6 20. f6 Bxf6 21. gxf6 Nxf6
22. Qg2 d5 23. a4 b4 24. Bh6 g6 25. Bxf8 Rxf8 26. Ne2 Kg7 27. Rad1 Rh8 28. Rd3
Qe6 29. Bxc4 dxc4 30. Rg3 Nd5 31. Rd1 Ne7 32. Re3 Nf5 33. Nd4 exd4 34. Rxe6 fxe6
35. Qc6 c3 36. bxc3 bxc3 37. Qxe6 Rh4 38. Qe5+ Kh6 39. Rd3 Rg4+ 40. Kf1 Kg5 41.
Rf3 Rh4 42. Rg3+ Kh5 43. Qh8+ Nh6 44. Qe5+ Nf5 45. Qh8+ Nh6 46. Qf6 Ng4 47. Qh8+
Kg5 48. Qd8+ Kh5 49. Kg1 1-0

[Event "FIDE World Blitz 2013"]
[Site "Khanty-Mansiysk RUS"]
[Date "2013.06.09"]
[Round "7.20"]
[White "Salem, A.R. Saleh"]
[Black "Pridorozhni, Aleksei"]
[Result "0-1"]
[WhiteTitle "GM"]
[BlackTitle "GM"]
[WhiteElo "2531"]
[BlackElo "2512"]
[WhiteFideId "9301348"]
[BlackFideId "4127870"]
[EventDate "2013.06.09"]

1. d4 d6 2. Nf3 Bg4 3. Nbd2 Nd7 4. h3 Bh5 5. g4 Bg6 6. Bg2 c6 7. Nh4 d5 8. Nxg6
hxg6 9. e4 dxe4 10. Nxe4 e6 11. O-O Ngf6 12. Ng5 Bd6 13. Re1 O-O 14. c4 Rc8 15.
b3 Bb8 16. Nf3 Re8 17. Bb2 Qc7 18. Qc2 Rcd8 19. Rad1 a6 20. Ba3 Qa5 21. Bb2 Bf4
22. a3 Qc7 23. Bc3 Nh7 24. Qb2 Nhf6 25. a4 Qb8 26. a5 Qc7 27. b4 Qb8 28. Rb1 Qc7
29. Re2 Rc8 30. Rbe1 Red8 31. Qb3 Re8 32. Bb2 Rcd8 33. Rc2 Rc8 34. Ree2 Qb8 35.
Ne1 e5 36. Nd3 exd4 37. Bxd4 Bd6 38. c5 Bc7 39. g5 Nh5 40. h4 Ne5 41. Bxe5 Bxe5
42. Kf1 Rcd8 43. Re4 Bc7 44. Rce2 Rxe4 45. Rxe4 Re8 46. Qc4 Rxe4 47. Bxe4 Kf8
48. Bf3 Qd8 49. Kg2 Qxd3 50. Qg4 Nf4+ 51. Kg1 Qd8 52. Be4 Ke7 53. Qf3 Qd4 54.
Bc2 Qa1+ 55. Kh2 Qe5 56. Kg1 Ne6 57. Kg2 Nd4 0-1

[Event "FIDE World Blitz 2013"]
[Site "Khanty-Mansiysk RUS"]
[Date "2013.06.09"]
[Round "7.21"]
[White "Pasiev, Rakhim"]
[Black "Bezgodov, Alexei"]
[Result "1-0"]
[WhiteTitle "IM"]
[BlackTitle "GM"]
[WhiteElo "2384"]
[BlackElo "2482"]
[WhiteFideId "24122475"]
[BlackFideId "4105257"]
[EventDate "2013.06.09"]

1. e4 e5 2. Nf3 Nf6 3. Bc4 Nxe4 4. O-O d5 5. Bb3 Nc6 6. Re1 Be7 7. c4 dxc4 8.
Bxc4 Nd6 9. Bd5 e4 10. Bxc6+ bxc6 11. Nd4 Qd7 12. d3 exd3 13. Bg5 f6 14. Bf4 O-O
15. Qxd3 Nf7 16. Qc3 Bd6 17. Bxd6 cxd6 18. Qxc6 Qxc6 19. Nxc6 Bb7 20. Nd4 Ne5
21. Nc3 Rac8 22. Rad1 Ba6 23. Nf5 Rb8 24. Rxd6 Bd3 25. Ne7+ Kf7 26. Nc6 Nxc6 27.
Rxc6 Rxb2 28. Rc7+ Kg6 29. Nd5 Kh6 30. h3 Rxa2 31. Ree7 Ra5 32. Nf4 Bg6 33. Rxg7
Ra4 34. Nd5 a5 35. Ra7 Ra1+ 36. Kh2 a4 37. Ne3 f5 38. f4 a3 39. Nc4 a2 40. Ne5
Ra8 41. Rxg6+ hxg6 42. Rxa8 1-0

[Event "FIDE World Blitz 2013"]
[Site "Khanty-Mansiysk RUS"]
[Date "2013.06.09"]
[Round "7.22"]
[White "Frolyanov, Dmitry"]
[Black "Kurnosov, Igor"]
[Result "1/2-1/2"]
[WhiteTitle "GM"]
[BlackTitle "GM"]
[WhiteElo "2570"]
[BlackElo "2657"]
[WhiteFideId "4151976"]
[BlackFideId "4142527"]
[EventDate "2013.06.09"]

1. e4 e5 2. Nf3 Nc6 3. Bb5 Nf6 4. d3 d6 5. Nbd2 a6 6. Bxc6+ bxc6 7. d4 exd4 8.
Nxd4 c5 9. Nc6 Qd7 10. Na5 Qg4 11. O-O Qxd1 12. Rxd1 Be6 13. b3 Be7 14. Nc6 Kd7
15. Nxe7 Kxe7 16. Bb2 Rhd8 17. f3 a5 18. Nf1 a4 19. Ne3 g6 20. e5 Nd7 21. exd6+
cxd6 22. Re1 Kf8 23. Rad1 Nb6 24. Bf6 Rd7 25. Rd2 d5 26. c3 axb3 27. axb3 Rda7
28. b4 Ra1 29. Rxa1 Rxa1+ 30. Kf2 cxb4 31. cxb4 Rb1 32. Bd4 Na4 33. Be5 Ke8 34.
Nxd5 Bxd5 35. Rxd5 Rxb4 36. Bf6 Rb8 37. Ra5 Nb6 38. Re5+ Kf8 39. Rb5 1/2-1/2

[Event "FIDE World Blitz 2013"]
[Site "Khanty-Mansiysk RUS"]
[Date "2013.06.09"]
[Round "7.23"]
[White "Cherniaev, Alexander"]
[Black "Grachev, Boris"]
[Result "0-1"]
[WhiteTitle "GM"]
[BlackTitle "GM"]
[WhiteElo "2447"]
[BlackElo "2683"]
[WhiteFideId "4117301"]
[BlackFideId "4129199"]
[EventDate "2013.06.09"]

1. e4 c5 2. c3 e6 3. d4 d5 4. exd5 exd5 5. Be3 c4 6. b3 cxb3 7. axb3 Bd6 8. Bd3
Ne7 9. Qf3 Nbc6 10. Ne2 O-O 11. Nd2 Be6 12. h3 Qd7 13. Bf4 Rae8 14. O-O Ng6 15.
Bxd6 Qxd6 16. Qg3 Qd8 17. Nf4 Nxf4 18. Qxf4 h6 19. Rfe1 a6 20. Nf3 Qb8 21. Qh4
Qd8 22. Qf4 Re7 23. Re3 Rfe8 24. Rae1 a5 25. Ne5 Nxe5 26. dxe5 Rc7 27. Rg3 Kf8
28. Ree3 Rxc3 29. Rxg7 Kxg7 30. Rg3+ Kf8 31. Qxh6+ Ke7 32. Bb5 Rc6 33. Rf3 Kd7
34. Rxf7+ 0-1

[Event "FIDE World Blitz 2013"]
[Site "Khanty-Mansiysk RUS"]
[Date "2013.06.09"]
[Round "7.24"]
[White "Gordievsky, Dmitry"]
[Black "Nadanian, Ashot"]
[Result "0-1"]
[WhiteTitle "FM"]
[BlackTitle "IM"]
[WhiteElo "2474"]
[BlackElo "2428"]
[WhiteFideId "24112798"]
[BlackFideId "13300393"]
[EventDate "2013.06.09"]

1. d4 Nf6 2. c4 e5 3. dxe5 Ng4 4. e3 Nxe5 5. a3 a5 6. f4 Nec6 7. Nf3 Bc5 8. Bd3
d6 9. Nc3 Na6 10. O-O O-O 11. Kh1 Re8 12. Bc2 Ba7 13. Nd5 Nc5 14. b3 Ne7 15. e4
c6 16. Nc3 f6 17. b4 Ne6 18. Rb1 axb4 19. axb4 Bb8 20. f5 Nf8 21. Bb3 Kh8 22.
Bf4 d5 23. Bxb8 dxc4 24. Qxd8 Rxd8 25. Bc7 Rd7 26. Bxc4 Rxc7 27. Ra1 Rxa1 28.
Rxa1 Nd7 29. Be6 Nb6 30. Rd1 Bxe6 31. fxe6 Rc8 32. e5 f5 33. Ng5 Kg8 34. Nf7 Kf8
35. b5 Ned5 36. Nxd5 cxd5 37. Nd6 Rc7 38. Nxf5 g6 39. Nd6 Ke7 40. h4 Kxe6 41.
Re1 d4 42. Kg1 Nd5 43. Ne8 Rc2 44. Ng7+ Kf7 45. e6+ Ke7 46. h5 Ne3 47. hxg6
Rxg2+ 48. Kh1 Rxg6 49. Nh5 Rh6 50. Rc1 Rxh5+ 51. Kg1 Rxb5 0-1

[Event "FIDE World Blitz 2013"]
[Site "Khanty-Mansiysk RUS"]
[Date "2013.06.09"]
[Round "7.25"]
[White "Ghaem Maghami, Ehsan"]
[Black "Byambaa, Zulzaga"]
[Result "1-0"]
[WhiteTitle "GM"]
[BlackTitle "FM"]
[WhiteElo "2554"]
[BlackElo "2285"]
[WhiteFideId "12500739"]
[BlackFideId "4900642"]
[EventDate "2013.06.09"]

1. e4 d6 2. d4 Nf6 3. Nc3 g6 4. g3 Bg7 5. Bg2 O-O 6. Nge2 e5 7. h3 Nc6 8. Be3 a6
9. O-O b5 10. a3 Rb8 11. d5 Na5 12. b3 c6 13. dxc6 Nxc6 14. Qd2 Be6 15. Rad1 Qc8
16. Kh2 Rd8 17. Bg5 a5 18. f4 exf4 19. Nxf4 Ne5 20. Nxe6 Qxe6 21. Nd5 Nxd5 22.
exd5 Qd7 23. Bxd8 Qxd8 24. Rf2 h5 25. Kh1 Rb7 26. Rdf1 Kh7 27. Be4 Bh6 28. Qe2
Kg7 29. Bd3 Qg5 30. Kg2 h4 31. g4 Qe7 32. Bxb5 Qc7 33. Bc6 Rb8 34. Qe4 Rf8 35.
Kh1 Qb6 36. Re2 Qd8 37. c4 Bg5 38. c5 Be7 39. b4 axb4 40. axb4 g5 41. Qf5 f6 42.
Qe6 dxc5 43. b5 Qd6 44. Qf5 Rb8 45. Qe4 c4 46. Rc2 Qc5 47. Rfc1 Bd6 48. Kg2 Ng6
49. Kh1 Nf4 50. Rxc4 Qf2 51. R4c2 Qb6 52. Qf3 Rc8 53. Re1 Rc7 54. Rce2 Ra7 55.
Re6 Ra3 56. R6e3 Ra7 57. Qe4 Bc5 58. Qe8 Bxe3 59. Qxe3 Qxe3 60. Rxe3 Ra1+ 61.
Kh2 Ra2+ 62. Kg1 Ra1+ 63. Kf2 Ra2+ 64. Kf3 Nxh3 65. b6 Rb2 66. b7 Ng1+ 67. Ke4
h3 68. d6 h2 69. Kf5 Rb6 70. Bh1 Rb1 71. d7 Nh3 72. d8=Q 1-0

[Event "FIDE World Blitz 2013"]
[Site "Khanty-Mansiysk RUS"]
[Date "2013.06.09"]
[Round "7.27"]
[White "Artemiev, Vladislav"]
[Black "Kabanov, Nikolai"]
[Result "1-0"]
[WhiteTitle "IM"]
[BlackTitle "GM"]
[WhiteElo "2524"]
[BlackElo "2472"]
[WhiteFideId "24101605"]
[BlackFideId "4127820"]
[EventDate "2013.06.09"]

1. c4 g6 2. Nc3 Bg7 3. d4 Nf6 4. Nf3 O-O 5. g3 d6 6. Bg2 c6 7. O-O Qb6 8. e4 Bg4
9. h3 Bxf3 10. Bxf3 Nfd7 11. Ne2 c5 12. Be3 Nc6 13. dxc5 Nxc5 14. b3 Bxa1 15.
Qxa1 e5 16. Bg2 a5 17. Nc3 Nb4 18. Qb1 Qc6 19. a3 Nba6 20. Nd5 Kg7 21. b4 axb4
22. axb4 Ne6 23. b5 Qxc4 24. Nb6 Qb4 25. Nxa8 Qxb1 26. Rxb1 Nb8 27. Nb6 1-0

[Event "FIDE World Blitz 2013"]
[Site "Khanty-Mansiysk RUS"]
[Date "2013.06.09"]
[Round "7.28"]
[White "Lagno, Kateryna"]
[Black "Sibriaev, Aleksandr"]
[Result "1-0"]
[WhiteTitle "GM"]
[BlackTitle "FM"]
[WhiteElo "2542"]
[BlackElo "2239"]
[WhiteFideId "14109336"]
[BlackFideId "4116070"]
[EventDate "2013.06.09"]

1. e4 c5 2. Nf3 Nc6 3. d4 cxd4 4. Nxd4 e5 5. Nb5 d6 6. c4 Be6 7. N1c3 a6 8. Na3
Be7 9. Nd5 Nf6 10. Bd3 O-O 11. O-O Nd4 12. Be3 Ng4 13. Bxd4 exd4 14. Nc2 Bf6 15.
Be2 Bxd5 16. exd5 Ne5 17. Nxd4 Rc8 18. Rc1 Qa5 19. Qb3 Nd7 20. Qxb7 Nc5 21. Nb3
Nxb3 22. axb3 Bxb2 23. b4 Qa3 24. Rb1 Be5 25. Qa7 Ra8 26. Qe3 Qa2 27. Qd3 Rfe8
28. Bg4 Rab8 29. c5 Qa4 30. c6 Rxb4 31. Rxb4 Qxb4 32. Bd7 Rf8 33. Qxa6 Qh4 34.
g3 Qe7 35. Rc1 Bd4 36. c7 Qf6 37. Qe2 g6 38. c8=Q Rxc8 39. Rxc8+ Kg7 40. Kg2 h5
41. h4 Be5 42. Rc7 Qd8 43. Rb7 1-0